Rozmarné romance pro solový hlas s průvodem piana /

Hlavní autor: Novotný, Václav Juda, 1849-1922
Další autoři: Neruda, Jan, 1834-1891
Jazyk: Čeština
Vydáno: V Praze : Fr. A. Urbánek, [1900?]
Vydání: 3. rozmnožené vyd.
Fyzický popis: 17 s.
Hudebniny Hudebniny
Uloženo v:
LEADER 00805ncm a22002292a 4500
001 001215067
003 CZ BrMZK
005 20120522092940.0
007 qu
008 120522s1900 xr |||||||||||||||||cze d
040 |a BOA001  |b cze 
072 7 |a 784  |x Vokální hudba  |2 Konspekt  |9 9 
100 1 |a Novotný, Václav Juda,  |d 1849-1922  |7 jk01090778  |4 cmp 
245 1 0 |a Rozmarné romance  |h [hudebnina] :  |b pro solový hlas s průvodem piana /  |c Václav Juda Novotný ; na slova Jana Nerudy 
250 |a 3. rozmnožené vyd. 
260 |a V Praze :  |b Fr. A. Urbánek,  |c [1900?] 
300 |a 17 s. 
700 1 |a Neruda, Jan,  |d 1834-1891  |7 jk01083209  |4 lyr 
910 |a BOA001  |b Mus4-0738.807 
990 |a MU 
991 |b 201205 
996 6 |b 2619089978  |c Mus4-0738.807  |l MZK  |r Sklad / do 1 hodiny  |n 0  |w 001248699  |u 000010  |a 1  |e BOA001  |j MZK50  |s P